Critical point theory in global analysis and diferential topology

Uloženo v:
Podrobná bibliografie
Hlavní autoři: Morse, Marston (Autor), Cairns, Stewart S (Autor)
Médium: Kniha
Jazyk:angličtina
Vydáno: Nueva York Academic Press 1969
Edice:Pure and Applied Mathematics, 33
Témata:
Tagy: Přidat tag
Žádné tagy, Buďte první, kdo vytvoří štítek k tomuto záznamu!

MARC

LEADER 00000nam a2200000 a 4500
001 UCQ9443
003 CL-VaPUC
008 990112e19690000US |||||||||||||||||eng|d
082 0 4 |a 514.7  |b MOR  |2 21 
100 |a Morse, Marston  |e author  |9 423985 
700 0 |a Cairns, Stewart S  |e author  |9 423986 
245 1 0 |a Critical point theory in global analysis and diferential topology 
300 |a 389 p 
942 |c BK 
945 |d 19990112 00:00:00  |a crobeson 
260 |a Nueva York  |b Academic Press  |c 1969 
650 0 |a Topología analítica  |9 423987 
650 0 |a Topología diferencial  |9 423983 
650 0 |a Análisis global  |9 423989 
583 |a last modification  |c 19990112 00:00:00  |k Rodrigo Vera 
490 0 |a Pure and Applied Mathematics, 33 
999 |c 278448  |d 278446 
952 |0 0  |1 0  |4 0  |6 514_700000000000000_MOR_1969  |7 0  |8 A  |9 316997  |a BIBMAT  |b BIBMAT  |d 2019-11-20  |i 1314513  |o 514.7 MOR 1969  |p 1314513  |r 2025-01-07  |w 2019-11-20  |y BK  |k MAT